POSITIVE PSYCHOLOGY (Record no. 15086)

MARC details
000 -LEADER
fixed length control field 00283nam a22001337a 4500
003 - CONTROL NUMBER IDENTIFIER
control field SGT
082 ## - DEWEY DECIMAL CLASSIFICATION NUMBER
Classification number 150
Item number P18B
100 ## - MAIN ENTRY--PERSONAL NAME
Personal name BAUMGARDNER, STEVE
245 ## - TITLE STATEMENT
Title POSITIVE PSYCHOLOGY
260 ## - PUBLICATION, DISTRIBUTION, ETC. (IMPRINT)
Place of publication, distribution, etc INDIA
Name of publisher, distributor, etc PERSON
Year of Publication 2018
300 ## - PAGE DESCRIPTION
No. of Pages 334
650 ## - SUBJECT ADDED ENTRY--TOPICAL TERM
Topical term or geographic name as entry element PSYCHOLOGY
942 ## - ADDED ENTRY ELEMENTS (KOHA)
Source of classification or shelving scheme Dewey Decimal Classification
Koha item type Books
942 ## - ADDED ENTRY ELEMENTS (KOHA)
-- 7
Holdings
Withdrawn status Lost status Source of classification or shelving scheme Damaged status Not for loan Collection code Home library Current library Shelving location Date acquired Vendor Name Cost, normal purchase price SGTU Bill Number Total Checkouts Full call number Accession No. (Barcode) Date last seen Date last borrowed Bill Date Koha item type
    Dewey Decimal Classification     MEDICAL SGT Engineering Library SGT Engineering Library Text Book 05/02/2018 ABC 379.00 SGTU 9089 6 150 P18B FM10472 07/12/2023 30/11/2023 13/12/2017 Books
    Dewey Decimal Classification     MEDICAL SGT Engineering Library SGT Engineering Library Text Book 05/02/2018 ABC 379.00 SGTU 9089 5 150 P18B FM10473 13/02/2019 23/01/2019 13/12/2017 Books
    Dewey Decimal Classification     MEDICAL SGT Engineering Library SGT Engineering Library Text Book 05/02/2018 ABC 379.00 SGTU 9089 8 150 P18B FM10474 19/09/2023 07/09/2023 13/12/2017 Books
    Dewey Decimal Classification     MEDICAL SGT Engineering Library SGT Engineering Library Text Book 05/02/2018 ABC 379.00 SGTU 9089 9 150 P18B FM10475 28/03/2019 07/03/2019 13/12/2017 Books
    Dewey Decimal Classification     MEDICAL SGT Medical Library SGT Medical Library Text Book 05/02/2018 ABC 379.00 SGTU 9089 13 150 P18B FM10471 27/03/2023 16/03/2023 13/12/2017 Books